Parques públicos y entornos colectivos seguros en Guadalajara, Jalisco : estrategias socio-urbanas sustentables para fomentar la seguridad vecinal en la colonia Jardines de San Francisco /

Estudio en que se propone una serie de estrategias que permitan fortalecer comunidades vecinales con el fin de afrontar y revertir situaciones de inseguridad pública y abandono de los espacios públicos, en particular, de parques públicos. El estudio se desarrolló en la colonia Jardines de San Franci...

Descripció completa

Guardat en:
Dades bibliogràfiques
Autor principal: Olivares Suárez, Graciela (autor)
Format: Thesis Llibre
Idioma:espanyol
Publicat: Guadalajara, México : edición de autor, 2022
Matèries:
Accés en línia:Ver documento en línea
Etiquetes: Afegir etiqueta
Sense etiquetes, Sigues el primer a etiquetar aquest registre!

MARC

LEADER 00000nam^a2200000^a^4500
001 000589980
005 20251023000000.0
009 20260526153552.637
037 |a Acervo ITESO - Biblioteca 
041 |a ESP 
090 |a MCE. 62 
100 |a Olivares Suárez, Graciela  |e (autor) 
245 1 0 |a Parques públicos y entornos colectivos seguros en Guadalajara, Jalisco :  |b estrategias socio-urbanas sustentables para fomentar la seguridad vecinal en la colonia Jardines de San Francisco /  |c G. Olivares Suárez. 
264 1 |a Guadalajara, México :  |b edición de autor,  |c 2022 
300 |a 1 tesis electrónica en línea (179 p.) 
300 |a 1 recurso en línea 
336 |a datos para computadora  |b cod  |2 rdacontenido 
337 |a computadora  |b c  |2 rdamedio 
338 |a recurso en línea  |b cr  |2 rdasoporte 
502 |a ITESO Tesis de Maestría en Ciudad y Espacio Público Sustentable 
520 |a Estudio en que se propone una serie de estrategias que permitan fortalecer comunidades vecinales con el fin de afrontar y revertir situaciones de inseguridad pública y abandono de los espacios públicos, en particular, de parques públicos. El estudio se desarrolló en la colonia Jardines de San Francisco, en la ciudad de Guadalajara. 
649 |a XX 
650 |a Asociaciones Vecinales -  |z Guadalajara, Jalisco 
650 |a Asociaciones Vecinales -  |z Jalisco 
650 |a Asociaciones Vecinales -  |z México 
650 |a Parques Públicos y Alamedas -  |z Guadalajara, Jalisco -  |x Tema Principal 
650 |a Parques Públicos y Alamedas -  |z Jalisco 
650 |a Parques Públicos y Alamedas -  |z México 
650 |a Comunidad -  |z Guadalajara, Jalisco 
650 |a Comunidad -  |z Jalisco 
650 |a Comunidad -  |z México 
650 |a Vida Pública -  |z Guadalajara, Jalisco 
650 |a Vida Pública -  |z Jalisco 
650 |a Vida Pública -  |z México 
650 |a Violencia -  |z Guadalajara, Jalisco 
650 |a Violencia -  |z Jalisco 
650 |a Violencia -  |z México 
650 |a Delincuencia -  |z Guadalajara, Jalisco 
650 |a Delincuencia -  |z Jalisco 
650 |a Delincuencia -  |z México 
650 |a Seguridad Pública -  |z Guadalajara, Jalisco -  |x Tema Principal 
650 |a Seguridad Pública -  |z Jalisco 
650 |a Seguridad Pública -  |z México 
650 |a Sociología Urbana 
650 |a Urbanismo 
856 4 0 |u https://rei.iteso.mx/handle/11117/8063  |y Ver documento en línea 
910 |a Fondo General 
920 |a Electrónicos - Tesis del ITESO en Línea 
930 |a Repositorio Institucional 
905 |a 201 
901 |a 589980-1  |b IT2  |c ETI  |u 20250521 
902 |a https://opac.biblio.iteso.mx/vufind/Record/000589980